Spanish 101/102 : (Record no. 9466)

MARC details
000 -LEADER
fixed length control field 01156cam a22003377a 4500
001 - CONTROL NUMBER
control field 17602751
003 - CONTROL NUMBER IDENTIFIER
control field 20170511094221.0
005 - DATE AND TIME OF LATEST TRANSACTION
control field 20240606081117.0
008 - FIXED-LENGTH DATA ELEMENTS--GENERAL INFORMATION
fixed length control field 130125s2012 nyua 000 0 eng d
010 ## - LIBRARY OF CONGRESS CONTROL NUMBER
LC control number 2012289643
020 ## - INTERNATIONAL STANDARD BOOK NUMBER
International Standard Book Number 9781465402240 (pbk. & CDs)
020 ## - INTERNATIONAL STANDARD BOOK NUMBER
International Standard Book Number 1465402241 (pbk. & CDs)
035 ## - SYSTEM CONTROL NUMBER
System control number (OCoLC)ocn822999135
040 ## - CATALOGING SOURCE
Original cataloging agency ZGR
Transcribing agency ZGR
Modifying agency OCLCO
-- DLC
041 0# - LANGUAGE CODE
Language code of text/sound track or separate title eng
-- spa
042 ## - AUTHENTICATION CODE
Authentication code lccopycat
050 00 - LIBRARY OF CONGRESS CALL NUMBER
Classification number PC4129.E5
Item number A14 2012
082 04 - DEWEY DECIMAL CLASSIFICATION NUMBER
Classification number 468.3/421
Edition information 23
245 00 - TITLE STATEMENT
Title Spanish 101/102 :
260 ## - PUBLICATION, DISTRIBUTION, ETC.
Place of publication, distribution, etc. [New York] :
Name of publisher, distributor, etc. Mcgrawhill.,
Date of publication, distribution, etc. [2015]
300 ## - PHYSICAL DESCRIPTION
Extent 160 p. :
Other physical details col. ill. ;
Dimensions 22 cm. +
Accompanying material 2 sound discs (digital ; 4 3/4 in.)
500 ## - GENERAL NOTE
General note Issued in container.
500 ## - GENERAL NOTE
General note Title from container.
650 #0 - SUBJECT ADDED ENTRY--TOPICAL TERM
Topical term or geographic name entry element Spanish language
Form subdivision Textbooks for foreign speakers
General subdivision English.
650 #0 - SUBJECT ADDED ENTRY--TOPICAL TERM
Topical term or geographic name entry element Spanish language
Form subdivision Self-instruction.
650 #0 - SUBJECT ADDED ENTRY--TOPICAL TERM
Topical term or geographic name entry element Spanish language
Form subdivision Conversation and phrase books
General subdivision English.
710 2# - ADDED ENTRY--CORPORATE NAME
Corporate name or jurisdiction name as entry element DK Publishing, Inc.
906 ## - LOCAL DATA ELEMENT F, LDF (RLIN)
a 7
b cbc
c copycat
d 2
e ncip
f 20
g y-gencatlg
942 ## - ADDED ENTRY ELEMENTS (KOHA)
Source of classification or shelving scheme Library of Congress Classification
Koha item type Books
Holdings
Withdrawn status Lost status Source of classification or shelving scheme Damaged status Not for loan Home library Current library Date acquired Total checkouts Full call number Barcode Date last seen Price effective from Koha item type
    Library of Congress Classification     Murang'a University of Technology Library Murang'a University of Technology Library 11/05/2017   PC4680 .L56 2015 009804 11/05/2017 11/05/2017 Books